000 00240nam a2200097Ia 4500
001 928502
005 20250826191637.0
008 250824s9999 xx 000 0 und d
245 0 _aCESUR OL/Ö2
_cPOPPY O'NEİLL
260 _bHEP KİTAP YAYINEVİ
999 _c928502
_d928502